Statistiques concernant Gouvernement Elisabeth Borne 1

Cliquez ici pour prendre le quiz!

Statistiques générales

  • Ce quiz a été pris 61 fois
    (60 depuis la dernière actualisation)
  • Le résultat moyen est 14 sur 28

Statistiques - réponses

FonctionMinistre% Correct
Première MinistreElisabeth Borne
100%
Ministre de l'IntérieurGerald Darmannin
94%
Ministre de l’Économie, des Finances et de la Souveraineté industrielle et numériqueBruno Le Maire
89%
Garde des Sceaux, Ministre de la JusticeEric Dupont-Moretti
87%
Ministre de l’Éducation nationale et de la JeunessePap Ndiaye
77%
Ministre délégué chargé des Comptes publicsGabriel Attal
70%
Ministre délégué aux Relations avec le Parlement et de la Vie démocratiqueOlivier Veran
68%
Ministre des Solidarités, de l'Autonomie et des Personnes handicapéesDamien Abad
53%
Ministre du Travail, du Plein emploi et de l'InsertionOlivier Dussopt
53%
Ministre des ArméesSébastien Lecornu
53%
Ministre de la Transition écologique et de la Cohésion des territoiresAmelie de Montchalin
51%
Ministre délégué chargé de l'EuropeClement Beaune
49%
Ministre délégué chargé du Commerce extérieur et de l'AttractivitéFranck Riester
49%
Ministre de la Santé et de la PréventionBrigitte Bourguignon
45%
Ministre de l’Europe et des Affaires étrangèresCatherine Colonna
45%
Ministre de la Transformation et de la Fonction publiquesStanislas Guerini
43%
Ministre de l'Agriculture et de la Souveraineté alimentaireMarc Fesneau
40%
Secrétaire d'État, porte-parole du gouvernementOlivia Gregoire
40%
Ministre de l'Enseignement supérieur et de la RechercheSylvie Retailleau
40%
Ministre de la Transition énergétiqueAgnès Pannier- Runnacher
36%
Ministre des Sports et des Jeux olympiques et paralympiquesAmelie Oudéa Castera
36%
Ministre délégué chargé des Collectivités territorialesChristophe Bechu
32%
Ministre des Outre-merYael Braun-Pivet
26%
Ministre déléguée à l'Égalité entre les femmes et les hommes, de la Diversité et de l'Égalité des chancesIsabelle Rome
23%
Ministre de la CultureRima Abdul Malak
23%
Secrétaire d'État chargée de la MerJustine Benin
21%
Secrétaire d'État chargée du Développement, de la Francophonie et des Partenariats internationauxChrysoula Zacharopoulou
17%
Secrétaire d'État chargée de l'EnfanceCharlotte caubel
13%

Distribution des résultats

Percentile par nombre de réponses

% des personnes avec chaque résultat

Votre développement - résultats

Vous n’avez pas pris ce quiz depuis la dernière actualisation